[Event "Peterborough 4NCL Easter op-A"]
[Site "Peterborough"]
[Date "2024.03.31"]
[Round "4"]
[White "Srivastava, Arnav"]
[Black "Clarke, Connor"]
[Result "0-1"]
[WhiteElo "1915"]
[BlackElo "1978"]
[PlyCount "94"]
[EventDate "2024.03.29"]
[EventType "swiss"]
[EventRounds "7"]
[EventCountry "ENG"]
[SourceTitle "CB14_2024"]
[SourceDate "2024.04.01"]
[SourceVersion "1"]
[SourceVersionDate "2024.04.01"]
[SourceQuality "1"]

1. d4 d5 2. c4 e6 3. Nf3 c5 4. cxd5 exd5 5. Nc3 Nc6 6. e3 Nf6 7. Be2 Be7 8. 0-0 0-0 9. dxc5 Bxc5 10. a3 Bg4 11. b4 Bb6 12. Bb2 Re8 13. Nb5 Ne4 14. h3 Bh5 15. Nbd4 Rc8 16. Rc1 f6 17. Qb3 Bxd4 18. Bxd4 Nd2 19. Nxd2 Nxd4 20. exd4 Rxe2 21. Rxc8 Qxc8 22. Nb1 Qc4 23. Qc3 Rc2 24. Qe3 Qe2 25. Qf4 h6 26. g4 Bg6 27. Qe3 Qxe3 28. fxe3 Be4 29. Rd1 Bf3 30. Rf1 Be4 31. Rd1 Re2 32. Nc3 Rxe3 33. Nxe4 dxe4 34. d5 Kf7 35. Rc1 Rxh3 36. Rc7+ Kg6 37. Rxb7 Rxa3 38. b5 Rd3 39. Rxa7 Rxd5 40. b6 Rb5 41. Rb7 Rb2 42. Kf1 Kg5 43. Rxg7+ Kf4 44. b7 Kf3 45. Kg1 e3 46. Rc7 Kxg4 47. Rf7 f5 0-1

[Event "Peterborough 4NCL Easter op-A"]
[Site "Peterborough"]
[Date "2024.03.30"]
[Round "3"]
[White "Guthrie, David"]
[Black "Srivastava, Arnav"]
[Result "0-1"]
[WhiteElo "2129"]
[BlackElo "1915"]
[PlyCount "62"]
[EventDate "2024.03.29"]
[EventType "swiss"]
[EventRounds "7"]
[EventCountry "ENG"]
[SourceTitle "CB14_2024"]
[SourceDate "2024.04.01"]
[SourceVersion "1"]
[SourceVersionDate "2024.04.01"]
[SourceQuality "1"]

1. d4 Nf6 2. c4 e6 3. Nf3 b6 4. a3 Bb7 5. Nc3 d5 6. cxd5 Nxd5 7. Qc2 Be7 8. e4 Nxc3 9. bxc3 0-0 10. Bd3 c5 11. 0-0 Nc6 12. Bb2 Rc8 13. Qe2 Na5 14. Rad1 Qc7 15. d5 exd5 16. exd5 Bxd5 17. Bxh7+ Kxh7 18. Rxd5 c4 19. Rh5+ Kg8 20. Bc1 Rfe8 21. Re1 Bf8 22. Qxe8 Rxe8 23. Rxe8 Qd7 24. Rhe5 f6 25. Re1 Kf7 26. Ra8 Be7 27. Nd4 Nb3 28. g3 Qb7 29. Rxe7+ Qxe7 30. Be3 Nxd4 31. Bxd4 Qe1+ 0-1

[Event "Glorney Cup"]
[Site "Cardiff"]
[Date "2022.07.19"]
[Round "2.3"]
[White "Srivastava, Arnav"]
[Black "MacDonald, Duncan"]
[Result "1-0"]
[WhiteElo "1812"]
[BlackElo "1569"]
[PlyCount "89"]
[EventDate "2022.07.19"]
[EventType "team-tourn"]
[EventRounds "6"]
[EventCountry "WLS"]
[SourceTitle "CBM 210 Extra"]
[Source "ChessBase"]
[SourceDate "2022.11.30"]
[SourceVersion "1"]
[SourceVersionDate "2022.11.30"]
[SourceQuality "1"]
[WhiteTeam "England"]
[BlackTeam "Wales"]
[WhiteTeamCountry "ENG"]
[BlackTeamCountry "WLS"]

1. d4 Nf6 2. Bf4 e6 3. e3 c5 4. c3 Nc6 5. Nf3 d5 6. Nbd2 Bd6 7. Bg3 0-0 8. Bd3 b6 9. Qe2 c4 10. Bc2 Re8 11. e4 e5 12. Ba4 Qc7 13. dxe5 Nxe5 14. Nxe5 Rxe5 15. Bxe5 Bxe5 16. exd5 Bb7 17. Qxc4 Qd6 18. Bc6 Rc8 19. Nf3 Bf4 20. 0-0 a6 21. Rad1 b5 22. Qb4 Qxb4 23. cxb4 Bxc6 24. dxc6 h6 25. g3 Bc7 26. Rfe1 Bb6 27. Ne5 h5 28. Nd7 Rxc6 29. Nxb6 Rxb6 30. Re5 g6 31. f3 Kg7 32. Kf2 Rc6 33. Rc5 Re6 34. Rd2 Kh6 35. Rdc2 Re7 36. a3 g5 37. Rc7 Re5 38. R2c5 Re6 39. R7c6 Kg6 40. Rxe6 fxe6 41. Rc6 Kf5 42. Rxa6 g4 43. Rb6 gxf3 44. Rxb5+ e5 45. Kxf3 1-0

[Event "London Chess Classic: Blitz C"]
[Site "London"]
[Date "2019.12.08"]
[Round "11"]
[White "Srivastava, Arnav"]
[Black "Royal, Shreyas"]
[Result "0-1"]
[WhiteElo "1594"]
[BlackElo "1816"]
[PlyCount "78"]
[EventDate "2019.12.08"]
[EventType "swiss (blitz)"]
[EventRounds "11"]
[EventCountry "ENG"]
[SourceTitle "EXT 2021"]
[Source "ChessBase"]
[SourceDate "2020.10.23"]
[SourceVersion "1"]
[SourceVersionDate "2020.10.23"]
[SourceQuality "1"]

1. c4 e6 2. Nc3 Nf6 3. d4 d5 4. g3 dxc4 5. Bg2 Be7 6. Qa4+ Nbd7 7. Qxc4 c6 8. e4 0-0 9. Nf3 Nb6 10. Qe2 c5 11. dxc5 Bxc5 12. 0-0 h6 13. Be3 Bxe3 14. Qxe3 Qe7 15. Rfd1 e5 16. Rac1 Bg4 17. a3 Rac8 18. Rd2 Nc4 19. Qxa7 Bxf3 20. Rd3 Ra8 21. Qxa8 Rxa8 22. Bxf3 Nxb2 23. Rd2 Nc4 24. Rdc2 Nxa3 25. Ra2 Qe8 26. Rca1 Qe7 27. Nb5 Qb4 28. Nxa3 Nxe4 29. Kg2 Nc3 30. Nc2 Rxa2 31. Rxa2 Qb3 32. Ra8+ Kh7 33. Ne3 e4 34. Bg4 g6 35. Rb8 h5 36. Bc8 Nd1 37. Rxb7 Nxe3+ 38. fxe3 Qc2+ 39. Kh3 Qxc8+ 0-1

[Event "GBR-ch U1750 op 105th"]
[Site "Hull"]
[Date "2018.08.03"]
[Round "5"]
[White "Srivastava, Arnav"]
[Black "Patel, Devan"]
[Result "0-1"]
[WhiteElo "1556"]
[BlackElo "1716"]
[PlyCount "44"]
[EventDate "2018.07.30"]
[EventType "swiss"]
[EventRounds "5"]
[EventCountry "ENG"]
[SourceTitle "EXT 2021"]
[Source "ChessBase"]
[SourceDate "2020.10.23"]
[SourceVersion "1"]
[SourceVersionDate "2020.10.23"]
[SourceQuality "1"]

1. d4 d5 2. Bf4 Nf6 3. e3 c5 4. Nf3 Nc6 5. Be2 Bf5 6. c3 Qb6 7. Qb3 e6 8. Nbd2 c4 9. Qxb6 axb6 10. 0-0 h6 11. a4 Bc2 12. Bc7 Nd7 13. Ne5 Ncxe5 14. dxe5 Bc5 15. e4 Ke7 16. Bf3 Rhc8 17. exd5 exd5 18. Bd6+ Bxd6 19. exd6+ Kxd6 20. Rfc1 Rxa4 21. Rxa4 Bxa4 22. Ra1 Bb5 0-1